Statistics for European League Winners Season 2017-18

Click here to take the quiz!

General Stats

  • This quiz has been taken 19 times
    (2 since last reset)
  • The average score is 20 of 54

Answer Stats

HintAnswer% Correct
CyprusAPOEL Nicosia
100%
Belarus ('17)BATE Borisov
100%
BelgiumClub Brugge
100%
CroatiaDinamo Zagreb
100%
AustriaRed Bull Salzburg
100%
UkraineShakhtar Donetsk
100%
Czech RepublicViktoria Plzen
100%
GreeceAEK Athens
50%
GermanyBayern Munich
50%
SwitzerlandBSC Young Boys
50%
ScotlandCeltic
50%
RomaniaCFR Cluj
50%
SerbiaCrvena Zvezda
50%
Kazakhstan ('17)FC Astana
50%
SpainFC Barcelona
50%
Estonia ('17)Flora Tallinn
50%
TurkeyGalatasaray
50%
IsraelHapoel Be'er Sheva
50%
Finland ('17)HJK Helsinki
50%
ItalyJuventus
50%
PolandLegia Warsaw
50%
RussiaLokomotiv Moscow
50%
BulgariaLudogorets Razgrad
50%
SwedenMalmö FF
50%
EnglandManchester City
50%
DenmarkMidtjylland
50%
FranceParis Saint-Germain
50%
PortugalPorto
50%
NetherlandsPSV Eindhoven
50%
Norway ('17)Rosenborg
50%
Moldova ('17)Sheriff Tiraspol
50%
AlbaniaSkenderbeu
50%
WalesThe New Saints
50%
ArmeniaAlashkert
0%
Republic of Ireland ('17)Cork City
0%
Northern IrelandCrusaders
0%
KosovoDrita
0%
LuxembourgF91 Dudelange
0%
AndorraFC Santa Coloma
0%
San MarinoLa Fiorita
0%
GibraltarLincoln Red Imps
0%
SloveniaOlimpija Ljubljana
0%
AzerbaijanQarabaj
0%
MacedoniaShkendija
0%
Latvia ('17)Spartaks Jurmala
0%
SlovakiaSpartak Trnava
0%
Lithuania ('17)Suduva
0%
MontenegroSutjeska
0%
Georgia ('17)Torpedo Kutaisi
0%
MaltaValletta
0%
Iceland ('17)Valur Reykjavik
0%
HungaryVideoton
0%
Faroe Islands ('17)Vikingur Gøta
0%
Bosnia and HerzegovinaZrinjski Mostar
0%

Score Distribution

Percentile by Number Answered

Percent of People with Each Score

Your Score History

You have not taken this quiz since the last reset